Súčasnosť a budúcnosť bankovníctva v krajinách V4 diplomová práca

Gespeichert in:
Bibliographische Detailangaben
1. Verfasser: Pribulová, Dominika
Körperschaft: Národohospodárska fakulta EU. Katedra bankovníctva a medzinárodných financií
Weitere Verfasser: Tkáčová, Daniela, 1954-
Format: Buch
Sprache:Slowakisch
Veröffentlicht: Bratislava 2017
Tags: Tag hinzufügen
Keine Tags, Fügen Sie das erste Tag hinzu!

MARC

LEADER 00000nbm a2200000 4500
001 0231899
005 20180112121005.5
041 0 |a slo 
044 |a SK 
245 1 0 |a Súčasnosť a budúcnosť bankovníctva v krajinách V4  |b diplomová práca  |c Dominika Pribulová ; školiteľ: Daniela Tkáčová 
264 1 |a Bratislava  |c 2017 
300 |a 80 s. 
100 1 |a Pribulová, Dominika 
700 1 |a Tkáčová, Daniela, 1954- 
710 2 |a Národohospodárska fakulta EU. Katedra bankovníctva a medzinárodných financií